[Event "ICS rated blitz match"]
[Site "204.178.125.65"]
[Date "2001.08.07"]
[Round "?"]
[White "Hossa"]
[Black "Shredster"]
[Result "1/2-1/2"]
[WhiteElo "2553"]
[BlackElo "2727"]
[PlyCount "141"]
[EventDate "2001.??.??"]

1. d4 Nf6 2. Nc3 d5 3. Bf4 e6 4. e3 c5 5. Nf3 cxd4 6. Nb5 Bb4+ 7. Nd2 O-O 8.
exd4 Ba5 9. Bd3 a6 10. Nc3 Nc6 11. Nb3 Bc7 12. Bxc7 Qxc7 13. O-O Nb4 14. Be2
Bd7 15. Qd2 Nc6 16. Rfe1 Rfc8 17. a3 b6 18. a4 h6 19. Bf3 Ne7 20. a5 b5 21.
Rac1 Nf5 22. Be2 Qd6 23. h3 Qc7 24. Bd3 Nd6 25. Ra1 Nc4 26. Bxc4 dxc4 27. Nc5
Bc6 28. Re3 Qf4 29. Ne2 Qg5 30. Ng3 Qd5 31. f4 Rd8 32. Rd1 Nd7 33. Nxd7 Rxd7
34. Qe2 Rf8 35. f5 exf5 36. Re5 Qd6 37. Nxf5 Qc7 38. Qg4 f6 39. Re6 Kh7 40.
Rde1 Rff7 41. Nh4 Rd5 42. Qg6+ Kg8 43. Nf5 Rxf5 44. Qxf5 Bd7 45. Re8+ Bxe8 46.
Rxe8+ Rf8 47. Qe6+ Qf7 48. Rxf8+ Kxf8 49. Qxa6 Qe7 50. Qa8+ Kf7 51. Qd5+ Kg6
52. c3 Qe3+ 53. Kh2 Qf4+ 54. g3 Qf2+ 55. Qg2 Qe1 56. a6 Qe7 57. Qf3 Kh7 58. h4
Kh8 59. Qh5 Qd7 60. Qc5 Qe6 61. Qf8+ Kh7 62. a7 Qe2+ 63. Kg1 Qe1+ 64. Kg2 Qe2+
65. Kh3 Qf1+ 66. Kh2 Qe2+ 67. Kg1 Qe1+ 68. Kg2 Qe2+ 69. Kh3 Qf1+ 70. Kh2 Qe2+
71. Kg1 {Game drawn by repetition} 1/2-1/2

[Event "ICS rated blitz match"]
[Site "204.178.125.65"]
[Date "2001.08.07"]
[Round "?"]
[White "jazzman-cps"]
[Black "Hossa"]
[Result "0-1"]
[WhiteElo "2051"]
[BlackElo "2560"]
[PlyCount "84"]
[EventDate "2001.??.??"]

1. e4 c5 2. Nf3 d6 3. d4 cxd4 4. Nxd4 Nf6 5. Nc3 g6 6. Be3 Bg7 7. f3 O-O 8. Bc4
Bd7 9. Bb3 Nc6 10. Qd2 Na5 11. O-O-O Qc7 12. h4 Nxb3+ 13. axb3 Qa5 14. Kb1 Rfc8
15. g4 h5 16. Bg5 hxg4 17. Bxf6 Bxf6 18. fxg4 Bxg4 19. Rdg1 Bh5 20. Nf5 Rc6 21.
Qh6 Ra6 22. Kc1 Qe5 23. Qxh5 Ra1+ 24. Kd2 Rxg1 25. Rxg1 Qh2+ 26. Kd3 Qxg1 27.
Nh6+ Kg7 28. Qg4 Qf1+ 29. Ne2 Kxh6 30. c4 Qd1+ 31. Ke3 Qxb3+ 32. Kf2 Qxc4 33.
h5 Qc5+ 34. Kg2 Qxh5 35. Qf4+ Kg7 36. Ng3 Qb5 37. Qf2 Bxb2 38. Ne2 d5 39. Qe3
Be5 40. exd5 Qxd5+ 41. Kh3 Qh1+ 42. Kg4 Qh5# {jazzman-cps checkmated} 0-1

[Event "ICS rated blitz match"]
[Site "204.178.125.65"]
[Date "2001.08.07"]
[Round "?"]
[White "nyul"]
[Black "Hossa"]
[Result "0-1"]
[WhiteElo "2033"]
[BlackElo "2562"]
[PlyCount "59"]
[EventDate "2001.??.??"]

1. e4 c5 2. c4 Nc6 3. d3 g6 4. Nc3 Bg7 5. Nf3 d6 6. h3 f5 7. Be3 e6 8. Qd2 Nge7
9. Be2 O-O 10. Bh6 Nd4 11. Bd1 fxe4 12. dxe4 Nec6 13. h4 Nxf3+ 14. Bxf3 Bxh6
15. Qxh6 Bd7 16. h5 g5 17. O-O-O Ne5 18. Rxd6 Nf7 19. Rxd7 Nxh6 20. Rxd8 Raxd8
21. e5 Rf5 22. Re1 b6 23. Ne4 g4 24. Bd1 Kg7 25. Nf6 Rxf2 26. Nxg4 Rxd1+ 27.
Rxd1 Nxg4 28. Rd7+ Rf7 29. Rd6 Re7 30. Kd2 {nyul resigns} 0-1

[Event "ICS rated blitz match"]
[Site "204.178.125.65"]
[Date "2001.08.07"]
[Round "?"]
[White "Hossa"]
[Black "nyul"]
[Result "1-0"]
[WhiteElo "2563"]
[BlackElo "2032"]
[PlyCount "27"]
[EventDate "2001.??.??"]

1. e4 e5 2. Nf3 Nc6 3. Bb5 a6 4. Bxc6 dxc6 5. O-O Bg4 6. h3 h5 7. d3 Qf6 8.
Nbd2 Bc5 9. c3 Bxf3 10. Nxf3 O-O-O 11. Bg5 Qd6 12. Bxd8 Qxd8 13. Nxe5 f6 14.
Nf7 {nyul resigns} 1-0

[Event "ICS rated blitz match"]
[Site "204.178.125.65"]
[Date "2001.08.07"]
[Round "?"]
[White "nyul"]
[Black "Hossa"]
[Result "0-1"]
[WhiteElo "2031"]
[BlackElo "2564"]
[PlyCount "53"]
[EventDate "2001.??.??"]

1. e4 c5 2. c4 Nc6 3. d3 d6 4. Nc3 Nf6 5. Nf3 e5 6. h3 Be7 7. Be3 O-O 8. Be2
Bd7 9. Qd2 Nd4 10. Bd1 Re8 11. O-O Rb8 12. b3 Rc8 13. a4 Ra8 14. Nh2 Rf8 15. f4
Qc7 16. f5 a6 17. g4 Bc6 18. g5 Ne8 19. Qg2 b6 20. f6 Bd8 21. Qg3 gxf6 22.
gxf6+ Kh8 23. Ng4 Rg8 24. Qh4 Rg6 25. Bg5 Ne6 26. Bh6 Nxf6 27. Kh1 {
nyul resigns} 0-1

[Event "ICS rated blitz match"]
[Site "204.178.125.65"]
[Date "2001.08.07"]
[Round "?"]
[White "Hossa"]
[Black "nyul"]
[Result "1-0"]
[WhiteElo "2565"]
[BlackElo "2030"]
[PlyCount "67"]
[EventDate "2001.??.??"]

1. e4 e5 2. Nf3 Nc6 3. Bb5 a6 4. Bxc6 dxc6 5. O-O Bg4 6. h3 h5 7. d3 Qf6 8.
Nbd2 Ne7 9. Re1 Bxf3 10. Nxf3 Qe6 11. d4 f6 12. dxe5 fxe5 13. Ng5 Qf6 14. c3
Ng6 15. Be3 Bd6 16. Qb3 O-O-O 17. Nf7 Rdf8 18. Nxh8 Nxh8 19. Qd1 g6 20. b4 Nf7
21. a4 Ng5 22. Qc2 Ne6 23. b5 cxb5 24. axb5 axb5 25. Red1 Kd7 26. Qd3 Nf4 27.
Qxb5+ Ke7 28. Qxb7 Qg5 29. g3 Nxh3+ 30. Kg2 Qg4 31. Rxd6 Kxd6 32. Ra6+ Kd7 33.
Qd5+ Ke7 34. Bc5+ {nyul resigns} 1-0

[Event "ICS rated blitz match"]
[Site "204.178.125.65"]
[Date "2001.08.07"]
[Round "?"]
[White "nyul"]
[Black "Hossa"]
[Result "0-1"]
[WhiteElo "2029"]
[BlackElo "2566"]
[PlyCount "108"]
[EventDate "2001.??.??"]

1. e4 c5 2. c4 Nc6 3. d3 d6 4. Nc3 Nf6 5. Nf3 e5 6. h3 Be7 7. Be3 O-O 8. Qd2
Nd4 9. Be2 Bd7 10. Bd1 Qc7 11. O-O Bc6 12. b3 Nd7 13. a4 f5 14. Bg5 Bxg5 15.
Nxg5 fxe4 16. dxe4 h6 17. Nf3 Nf6 18. Qd3 Qf7 19. Nd5 Nxd5 20. cxd5 Bd7 21.
Nxd4 exd4 22. Qg3 Rad8 23. Bg4 Qf6 24. Bxd7 Rxd7 25. Qd3 b6 26. f3 Qe5 27. Rf2
Rdf7 28. Kh1 g6 29. a5 bxa5 30. Rxa5 Rd7 31. Rfa2 Rff7 32. Qb5 Rb7 33. Qd3 Qg3
34. Ra1 Kg7 35. R5a2 Rfd7 36. Qe2 Rxb3 37. Rxa7 Rxa7 38. Rxa7+ Kf6 39. Ra1 Ke5
40. Qd2 Re3 41. Rf1 h5 42. Qc2 Re1 43. Kg1 Rxf1+ 44. Kxf1 Qf4 45. Qd3 Qc1+ 46.
Kf2 c4 47. f4+ Qxf4+ 48. Qf3 c3 49. Ke2 Qd2+ 50. Kf1 c2 51. Qg3+ Qf4+ 52. Qxf4+
Kxf4 53. g3+ Kf3 54. e5 c1=Q# {nyul checkmated} 0-1

[Event "ICS rated blitz match"]
[Site "204.178.125.65"]
[Date "2001.08.07"]
[Round "?"]
[White "ladygreen"]
[Black "Hossa"]
[Result "0-1"]
[WhiteElo "2556"]
[BlackElo "2567"]
[PlyCount "60"]
[EventDate "2001.??.??"]

1. d4 Nf6 2. c4 e6 3. Nf3 b6 4. a3 Bb7 5. Nc3 d5 6. Bg5 dxc4 7. e4 Ba6 8. e5 h6
9. Bh4 g5 10. Nxg5 hxg5 11. Bxg5 Be7 12. exf6 Bxf6 13. Qf3 Nd7 14. Bxf6 Nxf6
15. O-O-O Rb8 16. h4 Nd7 17. h5 b5 18. d5 e5 19. Qg3 b4 20. axb4 Rxb4 21. Re1
Qf6 22. f4 Qh6 23. Kb1 Rb7 24. Qf2 Qh7+ 25. Kc1 Qg7 26. Qd4 f6 27. Bxc4 Qxg2
28. Bb5 Bxb5 29. Nxb5 Qxh1 30. Rxh1 exd4 {ladygreen resigns} 0-1

[Event "ICS rated blitz match"]
[Site "204.178.125.65"]
[Date "2001.08.07"]
[Round "?"]
[White "Hossa"]
[Black "monsoon"]
[Result "0-1"]
[WhiteElo "2582"]
[BlackElo "2555"]
[PlyCount "123"]
[EventDate "2001.??.??"]

1. d4 Nf6 2. c4 g6 3. g3 Bg7 4. Nf3 O-O 5. Bg2 d6 6. O-O Nc6 7. d5 Na5 8. Qa4
b6 9. Bd2 Bd7 10. Qc2 Bf5 11. Qc1 Be4 12. Bxa5 bxa5 13. Nd4 Bxg2 14. Kxg2 c5
15. Nc6 Qd7 16. f3 e6 17. e4 exd5 18. cxd5 a4 19. Re1 Qb7 20. Re2 Nd7 21. Na3
Nb8 22. Na5 Qa6 23. N5c4 Nd7 24. Qe3 Rab8 25. Rb1 Nb6 26. Rc2 Rbd8 27. Qg5 f6
28. Qh4 f5 29. exf5 gxf5 30. Rd1 f4 31. gxf4 Qb7 32. Qg4 Kh8 33. Qh5 Rxf4 34.
Kg3 Rdf8 35. Nxb6 axb6 36. Kg2 Qe7 37. Qh3 Bxb2 38. Nb1 Qg7+ 39. Kh1 Rxf3 40.
Qg2 Qxg2+ 41. Kxg2 Bd4 42. a3 b5 43. Rcd2 R3f5 44. Rd3 Rg5+ 45. Rg3 Rf2+ 46.
Kh1 Rh5 47. Rg2 Rxg2 48. Kxg2 Rxd5 49. h4 b4 50. axb4 cxb4 51. Kf3 a3 52. Nxa3
bxa3 53. Ke4 Be5 54. Kxd5 a2 55. Rg1 h5 56. Ke6 Kh7 57. Rf1 Kh6 58. Rc1 a1=Q
59. Rc8 Qa2+ 60. Ke7 Qa7+ 61. Ke6 Kg7 62. Kf5 {Hossa resigns} 0-1

[Event "ICS rated blitz match"]
[Site "204.178.125.65"]
[Date "2001.08.07"]
[Round "?"]
[White "Hossa"]
[Black "NewHal9000"]
[Result "0-1"]
[WhiteElo "2565"]
[BlackElo "2728"]
[PlyCount "85"]
[EventDate "2001.??.??"]

1. d4 Nf6 2. Nc3 d5 3. Bf4 e6 4. e3 Bd6 5. Bxd6 Qxd6 6. Bd3 O-O 7. Nf3 Bd7 8.
O-O c5 9. Qd2 Bc6 10. dxc5 Qxc5 11. Rab1 b6 12. Rfd1 Nbd7 13. Nd4 Bb7 14. Ncb5
a6 15. b4 Qe7 16. Nc7 Ra7 17. Nxa6 Rxa6 18. Bxa6 Bxa6 19. b5 Bb7 20. Qb4 Qxb4
21. Rxb4 Rc8 22. Rb2 Ne4 23. h3 Nc3 24. Ra1 Nc5 25. g4 g6 26. h4 e5 27. Nf3 f6
28. g5 Kf7 29. Nh2 fxg5 30. hxg5 Ke6 31. Rf1 d4 32. Ng4 N5e4 33. exd4 Nd2 34.
Ra1 exd4 35. f4 Kf5 36. Nf6 Kxf4 37. Kf2 Kxg5 38. Nd7 Re8 39. Kg1 Nf3+ 40. Kf1
Re2 41. Nf8 Kf4 42. Re1 Nh2+ 43. Kg1 {Hossa resigns} 0-1

[Event "ICS rated blitz match"]
[Site "204.178.125.65"]
[Date "2001.08.08"]
[Round "?"]
[White "Croupier"]
[Black "Hossa"]
[Result "0-1"]
[WhiteElo "2338"]
[BlackElo "2532"]
[PlyCount "86"]
[EventDate "2001.??.??"]

1. d4 Nf6 2. e3 e6 3. Bd3 Nc6 4. f4 d5 5. Nd2 Bd6 6. c3 Bd7 7. Nh3 Qe7 8. O-O
h5 9. Nf3 O-O-O 10. Ne5 Kb8 11. Ng5 Be8 12. Bd2 Rc8 13. b4 Bxe5 14. fxe5 Ng4
15. Nf3 f5 16. h3 Nh6 17. a4 g5 18. a5 g4 19. Nh2 gxh3 20. gxh3 Qh4 21. Rf3
Rg8+ 22. Kh1 Qg5 23. Qe2 Qg6 24. Qf2 Qg7 25. Rg1 Bg6 26. Rfg3 Ne7 27. Qf4 Rce8
28. Nf3 Nf7 29. Nh4 Nh8 30. Qg5 Ref8 31. Be2 Qh7 32. Nxg6 Nhxg6 33. h4 f4 34.
exf4 Rf5 35. Qf6 Rxf6 36. exf6 Nf5 37. Rg5 Nfxh4 38. Rxh5 Qf7 39. f5 exf5 40.
Bg5 Qe6 41. Rxh4 Nxh4 42. Bxh4 Qe4+ 43. Kh2 Qxh4# {Croupier checkmated} 0-1

[Event "ICS rated blitz match"]
[Site "204.178.125.65"]
[Date "2001.08.08"]
[Round "?"]
[White "Hossa"]
[Black "NewHal9000"]
[Result "0-1"]
[WhiteElo "2540"]
[BlackElo "2748"]
[PlyCount "168"]
[EventDate "2001.??.??"]

1. d4 Nf6 2. c4 g6 3. Nf3 Bg7 4. Nc3 d5 5. cxd5 Nxd5 6. g3 O-O 7. Bg2 Nb6 8.
Bf4 Nc6 9. e3 f6 10. d5 Nb4 11. d6 Kh8 12. dxc7 Qxd1+ 13. Rxd1 e5 14. a3 Na6
15. Nb5 exf4 16. gxf4 Nc5 17. b4 Ne4 18. Nfd4 f5 19. Bxe4 fxe4 20. Nd6 Nd5 21.
N4b5 Nc3 22. Rc1 Nxb5 23. Nxb5 a6 24. Nd6 a5 25. Nxe4 axb4 26. axb4 Bb2 27. Rb1
Bf5 28. O-O Bd4 29. Rbc1 Bxe4 30. exd4 Rac8 31. f3 Bc6 32. Rc5 Rxf4 33. d5 Bd7
34. Rd1 Rxf3 35. d6 Re3 36. Rc2 Re4 37. Rb2 Kg7 38. Rd3 Kf6 39. h3 h6 40. Kf2
Ke5 41. Kg3 g5 42. b5 b6 43. Kh2 Ke6 44. Kg3 Re5 45. Rbd2 Rxb5 46. Rd1 Re5 47.
Kg4 b5 48. R1d2 Rf8 49. Kg3 b4 50. Kh2 Rc8 51. Kg2 Bc6+ 52. Kg3 Kd7 53. Kh2 Rb5
54. Rd1 b3 55. R3d2 Bf3 56. Ra1 Rd5 57. Rxd5 Bxd5 58. Ra6 Bc6 59. Rb6 Kxd6 60.
Rxb3 Rxc7 61. Rb8 Rf7 62. Rh8 Rf2+ 63. Kg1 Rf6 64. Kh2 Ke5 65. Kg3 Be4 66. Kh2
Kf4 67. Rg8 Rd6 68. Rf8+ Bf5 69. Ra8 Rd2+ 70. Kg1 Bxh3 71. Ra4+ Kg3 72. Ra3+
Kh4 73. Rc3 g4 74. Rc4 Rg2+ 75. Kf1 Rc2+ 76. Ke1 Rxc4 77. Ke2 Rc3 78. Kd2 Ra3
79. Kc2 g3 80. Kb1 Rf3 81. Kb2 g2 82. Kc2 g1=Q 83. Kb2 Qg2+ 84. Kb1 Rf1# {
Hossa checkmated} 0-1

[Event "ICS rated blitz match"]
[Site "204.178.125.65"]
[Date "2001.08.08"]
[Round "?"]
[White "Saitek"]
[Black "Hossa"]
[Result "1-0"]
[WhiteElo "2781"]
[BlackElo "2533"]
[PlyCount "62"]
[EventDate "2001.??.??"]

1. c4 Nf6 2. g3 g6 3. Bg2 Bg7 4. d4 O-O 5. Nc3 c5 6. Nf3 cxd4 7. Nxd4 Nc6 8.
Nb3 d6 9. O-O Be6 10. Nd5 Rb8 11. Bg5 Ng4 12. h3 Bxb2 13. hxg4 Bxa1 14. Qxa1 f6
15. Bh6 Rf7 16. Ne3 g5 17. c5 Nb4 18. Rd1 Qc7 19. cxd6 exd6 20. Nd4 Bxa2 21.
Nb5 Qb6 22. Nxd6 Bb3 23. Nxf7 Kxf7 24. Rd7+ Ke8 25. Rg7 Bf7 26. Qb1 Qc5 27.
Qxh7 Qf8 28. Rxf7 Qxf7 29. Qh8+ Kd7 30. Qxb8 Qb3 31. Qxb7+ Kd8 {Hossa resigns}
1-0

[Event "ICS rated blitz match"]
[Site "204.178.125.65"]
[Date "2001.08.08"]
[Round "?"]
[White "Hossa"]
[Black "Croupier"]
[Result "1-0"]
[WhiteElo "2538"]
[BlackElo "2413"]
[PlyCount "29"]
[EventDate "2001.??.??"]

1. e4 c6 2. Nf3 d5 3. exd5 cxd5 4. d4 Nc6 5. Bd3 g6 6. O-O Bg7 7. c3 Nf6 8. Re1
O-O 9. Bf4 Nh5 10. Be3 Qd6 11. Nbd2 Nf4 12. Bb5 e6 13. Ne5 Nh5 14. g4 Nf6 15.
Bf4 {Croupier resigns} 1-0

[Event "ICS rated blitz match"]
[Site "204.178.125.65"]
[Date "2001.08.08"]
[Round "?"]
[White "Hossa"]
[Black "realpravo"]
[Result "1-0"]
[WhiteElo "2548"]
[BlackElo "2020"]
[PlyCount "85"]
[EventDate "2001.??.??"]

1. d4 Nf6 2. c4 e6 3. Nf3 Bb4+ 4. Nbd2 O-O 5. a3 Bxd2+ 6. Bxd2 Ne4 7. e3 d6 8.
Bd3 f5 9. O-O Nd7 10. d5 Nxd2 11. Qxd2 e5 12. Bc2 Qf6 13. b4 b6 14. Ba4 Rf7 15.
Bc6 Rb8 16. a4 Nf8 17. a5 g5 18. axb6 axb6 19. Qa2 Bd7 20. Qa7 Rc8 21. Qb7 Re8
22. Qxc7 f4 23. Qxb6 g4 24. Ne1 g3 25. fxg3 Qh6 26. exf4 exf4 27. gxf4 Rxf4 28.
Nd3 Rxc4 29. Qb5 Qe3+ 30. Nf2 Bxc6 31. Qxc4 Bd7 32. Ra6 Ng6 33. Rxd6 Bf5 34.
Rf6 Rf8 35. d6+ Kg7 36. Rxf8 Nxf8 37. Qc5 Qe6 38. Nd1 Bg6 39. Rxf8 Kxf8 40. d7+
Kg7 41. Qc3+ Kh6 42. d8=Q Qb6+ 43. Qxb6 {realpravo resigns} 1-0

[Event "ICS rated blitz match"]
[Site "204.178.125.65"]
[Date "2001.08.08"]
[Round "?"]
[White "realpravo"]
[Black "Hossa"]
[Result "0-1"]
[WhiteElo "2019"]
[BlackElo "2549"]
[PlyCount "78"]
[EventDate "2001.??.??"]

1. e4 c5 2. Nf3 d6 3. Bb5+ Bd7 4. Bxd7+ Qxd7 5. O-O Nc6 6. d4 cxd4 7. Nxd4 g6
8. Nc3 Bg7 9. Be3 Nf6 10. Re1 Ng4 11. Nxc6 Bxc3 12. bxc3 bxc6 13. Bf4 O-O 14.
Qd3 e5 15. Bg5 f6 16. Bc1 f5 17. f3 fxe4 18. Qxe4 Nf6 19. Qa4 a5 20. Ba3 Nd5
21. Rad1 Rf4 22. Re4 Rf7 23. Qc4 Rb8 24. Kh1 Rff8 25. Qd3 Rfd8 26. c4 Nf6 27.
Ree1 c5 28. Bc1 Qf5 29. Qxf5 gxf5 30. Bg5 Kg7 31. Rb1 Rb4 32. Rxb4 axb4 33. Rd1
Rd7 34. Kg1 Ne8 35. Rd3 Ra7 36. f4 e4 37. Rd5 Rxa2 38. Rxf5 Rxc2 39. g4 b3 {
realpravo resigns} 0-1

[Event "ICS rated blitz match"]
[Site "204.178.125.65"]
[Date "2001.08.08"]
[Round "?"]
[White "QuarkX"]
[Black "Hossa"]
[Result "1-0"]
[WhiteElo "2618"]
[BlackElo "2550"]
[PlyCount "82"]
[EventDate "2001.??.??"]

1. e4 c5 2. Nf3 d6 3. d4 cxd4 4. Nxd4 Nf6 5. Nc3 g6 6. Be3 Bg7 7. f3 O-O 8. Qd2
Nc6 9. O-O-O Bd7 10. g4 a5 11. Nxc6 bxc6 12. h4 Qb8 13. h5 Bxg4 14. fxg4 Nxe4
15. Qd3 Nxc3 16. bxc3 d5 17. g5 Qe5 18. Kd2 gxh5 19. Be2 f5 20. gxf6 exf6 21.
Rxh5 f5 22. Rf1 Rae8 23. Rg5 Qh2 24. c4 h6 25. Rgxf5 Qd6 26. Rxf8+ Rxf8 27.
Rxf8+ Kxf8 28. cxd5 cxd5 29. Qf5+ Ke7 30. Qg4 Kf7 31. c3 Qc7 32. c4 Qd6 33.
Qf5+ Ke7 34. cxd5 Qb4+ 35. Kd1 Kd8 36. Bd3 Ba1 37. Qe6 Kc7 38. Qc6+ Kb8 39. d6
Qg4+ 40. Be2 Qa4+ 41. Qxa4 Bd4 {Hossa resigns} 1-0

[Event "ICS rated blitz match"]
[Site "204.178.125.65"]
[Date "2001.08.08"]
[Round "?"]
[White "Hossa"]
[Black "jgchess"]
[Result "1-0"]
[WhiteElo "2537"]
[BlackElo "2019"]
[PlyCount "81"]
[EventDate "2001.??.??"]

1. d4 Nf6 2. Nf3 g6 3. c4 Bg7 4. Nc3 c5 5. dxc5 O-O 6. Rb1 a6 7. e4 d6 8. cxd6
exd6 9. Bd3 Nc6 10. O-O Qa5 11. Nd5 Qxa2 12. Nb6 Rb8 13. Bf4 Ne8 14. Na4 Na5
15. Ra1 Qb3 16. Qe2 Be6 17. Ra3 Bxc4 18. Rxb3 Bxb3 19. Nc5 Be6 20. Ng5 Rc8 21.
Ncxe6 fxe6 22. Qg4 Nc7 23. Nxe6 Nxe6 24. Qxe6+ Kh8 25. Bxd6 Rfe8 26. Qd5 Nc6
27. Qb3 b5 28. Qa3 Ra8 29. Rc1 Ne5 30. Bxe5 Bxe5 31. Rc6 Rec8 32. Rxc8+ Rxc8
33. g3 Ra8 34. Bxb5 Bg7 35. Bxa6 h6 36. Qd6 Kh7 37. e5 Ra7 38. Bd3 Kg8 39. Qb8+
Kh7 40. Qxa7 Kg8 41. Bxg6 {jgchess resigns} 1-0

[Event "ICS rated blitz match"]
[Site "204.178.125.65"]
[Date "2001.08.08"]
[Round "?"]
[White "Hossa"]
[Black "buzdovan"]
[Result "1-0"]
[WhiteElo "2523"]
[BlackElo "2089"]
[PlyCount "57"]
[EventDate "2001.??.??"]

1. e4 c6 2. d4 d5 3. Nc3 dxe4 4. Nxe4 Nf6 5. Nxf6+ gxf6 6. c3 e6 7. Bd3 Bd6 8.
Qh5 h6 9. Ne2 Qc7 10. g3 Nd7 11. Bd2 b6 12. Bc4 Ke7 13. Nf4 Nf8 14. Ng2 c5 15.
d5 b5 16. dxe6 Nxe6 17. Ne3 Bb7 18. Nd5+ Bxd5 19. Bxd5 Rag8 20. O-O-O Kf8 21.
Bxh6+ Ke7 22. Rhe1 Rg6 23. Rxe6+ fxe6 24. Qxg6 exd5 25. Qg7+ Ke6 26. Re1+ Be5
27. Qxc7 Rxh6 28. Rxe5+ fxe5 29. Qc6+ {buzdovan resigns} 1-0

[Event "ICS rated blitz match"]
[Site "204.178.125.65"]
[Date "2001.08.08"]
[Round "?"]
[White "QueenMaxima"]
[Black "Hossa"]
[Result "1/2-1/2"]
[WhiteElo "2422"]
[BlackElo "2534"]
[PlyCount "222"]
[EventDate "2001.??.??"]

1. d4 Nf6 2. c4 e6 3. Nc3 Bb4 4. Bd2 O-O 5. Nf3 d5 6. e3 c5 7. dxc5 Bxc5 8.
cxd5 exd5 9. Bd3 Nc6 10. Rc1 d4 11. Ne4 dxe3 12. fxe3 Qxd3 13. Nxf6+ gxf6 14.
Rxc5 Be6 15. Qc2 Qxc2 16. Rxc2 Bxa2 17. Rc5 Rfe8 18. Kf2 Ne5 19. Nxe5 Rxe5 20.
Rhc1 Kg7 21. Rxe5 fxe5 22. Rc5 Rd8 23. Bc3 Kg6 24. Rxe5 Bb3 25. Re7 Bd5 26. e4
Bc6 27. Ke3 Rd1 28. Rc7 Rd6 29. g4 Re6 30. e5 Bd5 31. h4 Kg7 32. Bd4 a6 33. g5
Kg6 34. Kf4 Bc6 35. h5+ Kg7 36. Bc5 Re8 37. Be7 Kg8 38. Bf6 Bd5 39. Ke3 Kf8 40.
b4 Bc6 41. Kf4 Bd5 42. Kf5 Be6+ 43. Ke4 Bh3 44. Kf3 Be6 45. Ke3 Rb8 46. Be7+
Kg7 47. Kd4 Bg4 48. Bf6+ Kf8 49. h6 Kg8 50. Kd3 b5 51. Ra7 Bc8 52. Ke3 Be6 53.
Rxa6 Rc8 54. Ra5 Rb8 55. Ke4 Bc4 56. Ra7 Rc8 57. Rb7 Bf1 58. Ke3 Re8 59. g6
hxg6 60. h7+ Kxh7 61. Rxf7+ Kh6 62. Kf4 g5+ 63. Bxg5+ Kg6 64. Rf6+ Kg7 65. Rd6
Kf7 66. Bf6 Rc8 67. Ke3 Rc3+ 68. Kd2 Rb3 69. Bd8 Bc4 70. Ba5 Ke8 71. Rd4 Kf7
72. Rh4 Ke6 73. Rh5 Kd5 74. Rg5 Ke4 75. Kc1 Kf4 76. Rh5 Bf7 77. Rh7 Bg6 78. Rg7
Bf5 79. Bc7 Rxb4 80. e6+ Ke3 81. Bb6+ Ke2 82. Rg2+ Ke1 83. Ba5 Kf1 84. e7 Re4
85. Rg5 Rxe7 86. Rxf5+ Ke2 87. Bb6 b4 88. Bc5 Rc7 89. Rg5 b3 90. Rh5 Rb7 91.
Bd6 Rb6 92. Bc7 Rc6+ 93. Kb2 Rxc7 94. Re5+ Kd3 95. Kxb3 Rd7 96. Rf5 Re7 97. Rg5
Rf7 98. Rh5 Rg7 99. Rh6 Rg5 100. Rh7 Rg4 101. Rh8 Rg3 102. Rf8 Rh3 103. Rg8 Rh2
104. Rf8 Rh1 105. Rg8 Rf1 106. Rh8 Rg1 107. Rf8 Rh1 108. Rg8 Rf1 109. Rh8 Rg1
110. Rf8 Rh1 111. Rg8 Rf1 {Game drawn by repetition} 1/2-1/2

[Event "ICS rated blitz match"]
[Site "204.178.125.65"]
[Date "2001.08.08"]
[Round "?"]
[White "Hossa"]
[Black "AlperEfe"]
[Result "1-0"]
[WhiteElo "2529"]
[BlackElo "2104"]
[PlyCount "30"]
[EventDate "2001.??.??"]

1. d4 d5 2. c4 dxc4 3. e3 e6 4. Bxc4 Nf6 5. Nf3 a6 6. Nc3 c5 7. O-O Qc7 8. Bd3
Be7 9. dxc5 Bxc5 10. Qc2 O-O 11. Ng5 h6 12. Nce4 Bd6 13. Nxf6+ gxf6 14. Nh7
Qxc2 15. Bxc2 Kg7 {AlperEfe resigns} 1-0

[Event "ICS rated blitz match"]
[Site "204.178.125.65"]
[Date "2001.08.08"]
[Round "?"]
[White "AlperEfe"]
[Black "Hossa"]
[Result "0-1"]
[WhiteElo "2101"]
[BlackElo "2532"]
[PlyCount "47"]
[EventDate "2001.??.??"]

1. e4 c5 2. Nf3 d6 3. d4 cxd4 4. Nxd4 Nf6 5. Nc3 a6 6. Bg5 e6 7. f4 Qb6 8. Bxf6
gxf6 9. Na4 Qa7 10. c4 Bg7 11. Be2 f5 12. Nb3 Bd7 13. Nc3 Rg8 14. Qxd6 Bxc3+
15. bxc3 Qe3 16. Qd4 Qxe4 17. Qxe4 fxe4 18. g3 Bc6 19. Nd4 Nd7 20. O-O-O Nc5
21. Rhe1 Ba4 22. Rd2 e3 23. Rb2 O-O-O 24. Bf3 {AlperEfe resigns} 0-1

[Event "ICS rated blitz match"]
[Site "204.178.125.65"]
[Date "2001.08.08"]
[Round "?"]
[White "AlperEfe"]
[Black "Hossa"]
[Result "0-1"]
[WhiteElo "2095"]
[BlackElo "2534"]
[PlyCount "55"]
[EventDate "2001.??.??"]

1. Nf3 c5 2. c4 g6 3. Nc3 Bg7 4. g3 Nf6 5. Bg2 O-O 6. O-O Nc6 7. d3 d6 8. Be3
Bf5 9. h3 Qc8 10. Kh2 Qd7 11. Qd2 e5 12. Nh4 Be6 13. f4 e4 14. Rae1 Rfd8 15.
dxe4 Bxc4 16. b3 Ba6 17. Nf3 Rac8 18. Rd1 Qe7 19. Qc2 Nb4 20. Qb1 d5 21. e5 d4
22. exf6 Qxe3 23. fxg7 dxc3 24. Rxd8+ Rxd8 25. Rd1 Rxd1 26. Qxd1 c2 27. Qd8+
Kxg7 28. Ne5 {AlperEfe resigns} 0-1

[Event "ICS rated blitz match"]
[Site "204.178.125.65"]
[Date "2001.08.08"]
[Round "?"]
[White "Hossa"]
[Black "ChesterX"]
[Result "0-1"]
[WhiteElo "2536"]
[BlackElo "2674"]
[PlyCount "117"]
[EventDate "2001.??.??"]

1. e4 e6 2. Nf3 d5 3. e5 c5 4. Be2 Ne7 5. O-O Nd7 6. c3 Nc6 7. d4 Be7 8. Be3
O-O 9. Bb5 Qb6 10. Qe2 a6 11. Ba4 f6 12. exf6 Nxf6 13. Bxc6 bxc6 14. dxc5 Bxc5
15. Bxc5 Qxc5 16. Ne5 Rb8 17. b4 Qd6 18. Re1 c5 19. Nd3 cxb4 20. cxb4 Bd7 21.
Nc3 Rfc8 22. Rac1 Rc4 23. h3 Rbc8 24. Qb2 d4 25. Ne2 Rxc1 26. Rxc1 Rxc1+ 27.
Qxc1 Bb5 28. Qc8+ Kf7 29. Nec1 e5 30. f3 Nd7 31. a3 Qh6 32. Kh2 Ke7 33. Qc2 Qc6
34. Qd1 Qc3 35. a4 Bc4 36. h4 Kf7 37. g3 Kf8 38. Kg2 Kg8 39. g4 Bd5 40. Qe2 Qc4
41. Nc5 d3 42. Qxd3 Qxg4+ 43. Kf1 Qh3+ 44. Ke2 Nb6 45. Qe3 Qg2+ 46. Ke1 Qh1+
47. Ke2 Nc4 48. Qg5 Qxf3+ 49. Ke1 h6 50. Qd8+ Kh7 51. Ne2 Qh1+ 52. Kf2 e4 53.
Nxe4 Bxe4 54. Qe7 Qf3+ 55. Ke1 Ne3 56. Qxe4+ Qxe4 57. b5 Qxh4+ 58. Kd2 Nf1+ 59.
Kd3 {Hossa resigns} 0-1

[Event "ICS rated blitz match"]
[Site "204.178.125.65"]
[Date "2001.08.08"]
[Round "?"]
[White "kkgg"]
[Black "Hossa"]
[Result "0-1"]
[WhiteElo "2280"]
[BlackElo "2510"]
[PlyCount "62"]
[EventDate "2001.??.??"]

1. e4 c5 2. Nf3 d6 3. d4 cxd4 4. Nxd4 Nf6 5. Nc3 a6 6. Bc4 e6 7. Bb3 Be7 8. f4
b5 9. O-O b4 10. Na4 O-O 11. f5 e5 12. Ne2 Bb7 13. Ng3 Nxe4 14. Nxe4 Bxe4 15.
Bd5 Bxd5 16. Qxd5 Nd7 17. c4 bxc3 18. Nxc3 Nf6 19. Qb7 d5 20. Bg5 Rb8 21. Qxa6
Rxb2 22. Rad1 Bc5+ 23. Kh1 Bd4 24. Bxf6 gxf6 25. Nb5 Bb6 26. a4 d4 27. Rd3 Kh8
28. Qb7 Qa8 29. Qxa8 Rxa8 30. Nd6 Bc5 31. Nc4 Rc2 {kkgg resigns} 0-1

[Event "ICS rated blitz match"]
[Site "204.178.125.65"]
[Date "2001.08.08"]
[Round "?"]
[White "nochessthanks"]
[Black "Hossa"]
[Result "0-1"]
[WhiteElo "2349"]
[BlackElo "2515"]
[PlyCount "30"]
[EventDate "2001.??.??"]

1. e4 c5 2. Nf3 d6 3. d4 cxd4 4. Nxd4 Nf6 5. Nc3 a6 6. Bg5 e6 7. f4 Qb6 8. Nb3
Nbd7 9. Qf3 Be7 10. O-O-O O-O 11. g4 Nc5 12. h4 Nxb3+ 13. axb3 Qa5 14. Kb1 Bd7
15. e5 Bc6 {nochessthanks resigns} 0-1

[Event "ICS rated blitz match"]
[Site "204.178.125.65"]
[Date "2001.08.08"]
[Round "?"]
[White "CyberSandro"]
[Black "Hossa"]
[Result "0-1"]
[WhiteElo "2109"]
[BlackElo "2524"]
[PlyCount "42"]
[EventDate "2001.??.??"]

1. c4 c6 2. Nc3 d5 3. d4 dxc4 4. a4 Nf6 5. e4 e5 6. Nf3 exd4 7. Nxd4 Bb4 8. f3
Qa5 9. Bd2 Qc5 10. Nc2 Na6 11. Be3 Bxc3+ 12. bxc3 Qa5 13. Qd2 Be6 14. Bd4 O-O
15. Bxf6 gxf6 16. Be2 Rfd8 17. Qe3 Nc5 18. O-O Nd3 19. Nd4 Qxc3 20. Nxe6 fxe6
21. Rfc1 Nxc1 {CyberSandro resigns} 0-1